[Event "Erandio op 27th"]
[Site "Erandio"]
[Date "2018.12.16"]
[Round "2"]
[White "Gonzalez Llano, Federico"]
[Black "Villanueva Arguinberri, Bruno"]
[Result "0-1"]
[WhiteElo "1751"]
[BlackElo "2001"]
[PlyCount "86"]
[EventDate "2018.12.15"]
[EventType "swiss"]
[EventRounds "8"]
[EventCountry "ESP"]
[SourceTitle "EXT 2020"]
[Source "ChessBase"]
[SourceDate "2019.10.17"]
[SourceVersion "1"]
[SourceVersionDate "2019.10.17"]
[SourceQuality "1"]

1. d4 d5 2. c4 e6 3. Nc3 Nf6 4. Bg5 Nbd7 5. a3 Be7 6. e3 0-0 7. Bd3 b6 8. Nf3 Bb7 9. Rc1 h6 10. Bf4 Nh5 11. cxd5 Nxf4 12. exf4 exd5 13. 0-0 c5 14. Bb1 Nf6 15. Ne5 cxd4 16. Qxd4 Bc5 17. Qd1 a5 18. Na4 Rc8 19. Bf5 Rc7 20. Qb3 d4 21. Nd3 Bd5 22. Qd1 Bxg2 23. Kxg2 Qd5+ 24. f3 Qxf5 25. b4 Nd5 26. Kf2 Nxf4 27. Naxc5 bxc5 28. Nxf4 Qxf4 29. Kg2 axb4 30. axb4 c4 31. Re1 Rd8 32. Re4 Qg5+ 33. Kf2 c3 34. f4 Qh4+ 35. Kg2 d3 36. b5 d2 37. Rc2 Re7 38. Rxe7 Qxe7 39. Kf1 Re8 40. Qf3 Qe1+ 41. Kg2 Re2+ 42. Kh3 Re3 43. Rxc3 Rxf3+ 0-1